| Tag |
First Indicator |
Second Indicator |
Subfields |
| LEADER |
00000cam a2200000 i 4500 |
| 001 |
in00004635211 |
| 006 |
m o d |
| 007 |
cr ||||||||||| |
| 008 |
200515s2020 mnua ob 001 0 eng |
| 005 |
20230103223420.2 |
| 010 |
|
|
|a 2020022353
|
| 035 |
|
|
|a (OCoLC)on1159651253
|
| 040 |
|
|
|a DLC
|b eng
|e rda
|e pn
|c DLC
|d YDX
|d N$T
|d JSTOR
|d OCLCF
|d YDX
|d EBLCP
|d OCLCQ
|d P@U
|d OCLCQ
|d OCLCO
|d DLC
|d OCLCO
|
| 020 |
|
|
|a 9781452963914
|q (electronic book)
|
| 020 |
|
|
|a 1452963916
|q (electronic book)
|
| 020 |
|
|
|a 9781452963907
|q (electronic book)
|
| 020 |
|
|
|a 1452963908
|q (electronic book)
|
| 020 |
|
|
|z 9781517909635
|q (hardcover)
|
| 020 |
|
|
|z 9781517909642
|q (paperback)
|
| 035 |
|
|
|a (OCoLC)1159651253
|
| 037 |
|
|
|a 22573/ctv17czw2x
|b JSTOR
|
| 042 |
|
|
|a pcc
|
| 043 |
|
|
|a n-us---
|
| 050 |
0 |
4 |
|a PS374.A54
|b T73 2020
|
| 072 |
|
7 |
|a LIT
|x 004020
|2 bisacsh
|
| 072 |
|
7 |
|a LIT
|x 024040
|2 bisacsh
|
| 082 |
0 |
0 |
|a 813/.309362
|2 23
|
| 049 |
|
|
|a TXAM
|
| 100 |
1 |
|
|a Traisnel, Antoine,
|e author.
|
| 245 |
1 |
0 |
|a Capture :
|b American pursuits and the making of a new animal condition /
|c Antoine Traisnel.
|
| 264 |
|
1 |
|a Minneapolis :
|b University of Minnesota Press,
|c [2020]
|
| 300 |
|
|
|a 1 online resource (353 pages) :
|b illustrations (some color)
|
| 336 |
|
|
|a text
|b txt
|2 rdacontent
|
| 337 |
|
|
|a computer
|b c
|2 rdamedia
|
| 338 |
|
|
|a online resource
|b cr
|2 rdacarrier
|
| 504 |
|
|
|a Includes bibliographical references and index.
|
| 505 |
0 |
|
|a Introduction: A New Animal Condition -- Last Vestiges of the Hunt. Still Lifes (Audubon) -- Land Speculations (Cooper) -- New Genres of Capture. The Fugitive Animal (Poe) -- Fabulous Taxonomy (Hawthorne) -- The Stock Image (Muybridge) -- Conclusion: Life in Capture.
|
| 520 |
|
|
|a "Reading canonical works of the nineteenth century through the modern transformation of human-animal relations"--
|c Provided by publisher
|
| 588 |
0 |
|
|a Online resource; title from digital title page (viewed on October 14, 2020).
|
| 650 |
|
0 |
|a American fiction
|y 19th century
|x History and criticism.
|
| 650 |
|
0 |
|a Animals in literature.
|
| 650 |
|
0 |
|a Human-animal relationships in literature.
|
| 650 |
|
0 |
|a Animals in art.
|
| 650 |
|
0 |
|a Photography of animals.
|
| 650 |
|
6 |
|a Roman américain
|y 19e siècle
|x Histoire et critique.
|
| 650 |
|
6 |
|a Animaux dans la littérature.
|
| 650 |
|
6 |
|a Relations homme-animal dans la littérature.
|
| 650 |
|
7 |
|a LITERARY CRITICISM
|x American
|x General.
|2 bisacsh
|
| 650 |
|
7 |
|a American fiction
|2 fast
|0 (OCoLC)fst00807048
|
| 650 |
|
7 |
|a Animals in art
|2 fast
|0 (OCoLC)fst00809573
|
| 650 |
|
7 |
|a Animals in literature
|2 fast
|0 (OCoLC)fst00809580
|
| 650 |
|
7 |
|a Human-animal relationships in literature
|2 fast
|0 (OCoLC)fst00963492
|
| 650 |
|
7 |
|a Photography of animals
|2 fast
|0 (OCoLC)fst01061887
|
| 648 |
|
7 |
|a 1800-1899
|2 fast
|
| 655 |
|
7 |
|a Electronic books.
|2 local
|
| 655 |
|
7 |
|a Criticism, interpretation, etc.
|2 fast
|0 (OCoLC)fst01411635
|
| 710 |
2 |
|
|a JSTOR (Organization)
|
| 776 |
0 |
8 |
|i Print version:
|a Traisnel, Antoine.
|t Capture.
|d Minneapolis : University of Minnesota Press, 2020
|z 9781517909635
|w (DLC) 2020022352
|
| 856 |
4 |
0 |
|u https://www.jstor.org/stable/10.5749/j.ctv17db40m
|z Connect to the full text of this electronic book
|t 0
|
| 955 |
|
|
|a JSTOR Open Access ebooks
|
| 994 |
|
|
|a 92
|b TXA
|
| 999 |
f |
f |
|s 87cb53bb-ddc3-4cb2-b4f1-ecff68f1dbf1
|i 6817f3b4-dda3-4bff-84a7-4ce99bbbf6c4
|t 0
|
| 952 |
f |
f |
|a Texas A&M University
|b College Station
|c Electronic Resources
|d Available Online
|t 0
|e PS374.A54 T73 2020
|h Library of Congress classification
|
| 998 |
f |
f |
|a PS374.A54 T73 2020
|t 0
|l Available Online
|